Catálogo
 En Linea

Keys to understanding : (Registro nro. 2442)

Detalles MARC
000 -CABECERA
campo de control de longitud fija 00612cam a2200181 a 4500
001 - NÚMERO DE CONTROL
campo de control 000002606
005 - FECHA Y HORA DE LA ÚLTIMA TRANSACCIÓN
campo de control 20200929150225.0
008 - DATOS DE LONGITUD FIJA--INFORMACIÓN GENERAL
campo de control de longitud fija 700615s1970 nyua 000 0 eng
040 ## - FUENTE DE LA CATALOGACIÓN
Centro catalogador/agencia de origen DO-SdBNP
Lengua de catalogación spa
Centro/agencia transcriptor BNPHU
082 ## - NÚMERO DE LA CLASIFICACIÓN DECIMAL DEWEY
Número de clasificación 808.82
Número de documento/Ítem K44u
245 00 - MENCIÓN DE TÍTULO
Título Keys to understanding :
Resto del título receiving and sending. Drama /
Mención de responsabilidad, etc. Paul C. Holmes y Anita J. Lehman, compiladores.
260 ## - PUBLICACIÓN, DISTRIBUCIÓN, ETC.
Lugar de publicación, distribución, etc. New York :
Nombre del editor, distribuidor, etc. Harper & Row,
Fecha de publicación, distribución, etc. 1970.
300 ## - DESCRIPCIÓN FÍSICA
Extensión xix, 459 p. ;
Dimensiones 21 cm.
650 #4 - PUNTO DE ACCESO ADICIONAL DE MATERIA--TÉRMINO DE MATERIA
Término de materia o nombre geográfico como elemento de entrada Drama
Subdivisión general Colecciones
9 (RLIN) 8213
650 #4 - PUNTO DE ACCESO ADICIONAL DE MATERIA--TÉRMINO DE MATERIA
Término de materia o nombre geográfico como elemento de entrada Literatura estadounidense
9 (RLIN) 263
700 1# - PUNTO DE ACCESO ADICIONAL--NOMBRE DE PERSONA
Nombre de persona Holmes, Paul C.,
Término indicativo de función/relación comp.
9 (RLIN) 8214
700 1# - PUNTO DE ACCESO ADICIONAL--NOMBRE DE PERSONA
Nombre de persona Lehman, Anita J.,
Término indicativo de función/relación comp.
9 (RLIN) 8215
Existencias
Estado de retiro Estado de pérdida Restricciones de uso No para préstamo Código de colección Localización permanente Ubicación/localización actual Ubicación en estantería Fecha de adquisición Número de inventario Total de préstamos Signatura topográfica completa Código de barras Fecha visto por última vez Precio válido a partir de Tipo de ítem Koha
    Préstamo interno   Monografías: Libros y Folletos General General Depósito 20.08.2009 LF1   808.82 K44u 2606-10 25.06.2020 25.06.2020 Préstamo interno

Con tecnología Koha